000 00486cam a2200169 4500500
005 20260405002722.0
041 _afre
042 _adc
100 1 0 _aTenaillon, Nicolas
_eauthor
245 0 0 _aKitsch
260 _c2018.
500 _a84
690 _aAllemand
690 _aKitsch
786 0 _nPhilosophie magazine | 120 | 6 | 2018-06-01 | p. 40-40 | 1951-1787
856 4 1 _uhttps://shs.cairn.info/magazine-philosophie-magazine-2018-6-page-40?lang=fr&redirect-ssocas=7080
999 _c2060421
_d2060421